Tâm lý học nghiên cứu con người trong thời đổi mới /
Guardado en:
| Autor principal: | |
|---|---|
| Formato: | Sách giấy |
| Lenguaje: | Vietnamese |
| Publicado: |
H. :
Giáo dục,
2006.
|
| Materias: | |
| Etiquetas: |
Agregar Etiqueta
Sin Etiquetas, Sea el primero en etiquetar este registro!
|
| Thư viện lưu trữ: | Thư viện Trường Đại học Đà Lạt |
|---|
| LEADER | 00723nam a2200289 4500 | ||
|---|---|---|---|
| 001 | DLU110128048 | ||
| 005 | ##20111115 | ||
| 040 | # | # | |a DLU |b vie |
| 041 | # | # | |a vie |
| 044 | # | # | |a vn |
| 082 | # | # | |a 155.23 |b PH-H |
| 100 | # | # | |a Phạm Minh Hạc. |
| 245 | # | # | |a Tâm lý học nghiên cứu con người trong thời đổi mới / |c Phạm Minh Hạc. |
| 260 | # | # | |a H. : |b Giáo dục, |c 2006. |
| 300 | # | # | |a 399 tr. ; |c 24 cm. |
| 650 | # | # | |a Tâm lý học |z Việt Nam |x Nghiên cứu. |
| 923 | # | # | |a 01/2011LS |
| 991 | # | # | |a GT |
| 992 | # | # | |a 78000 |
| 994 | # | # | |a KLS |
| 900 | # | # | |a True |
| 911 | # | # | |a Đào Thị Thu Huyền |
| 925 | # | # | |a G |
| 926 | # | # | |a A |
| 927 | # | # | |a SH |
| 980 | # | # | |a Thư viện Trường Đại học Đà Lạt |